| 000 | 00491nam a22001817a 4500 | ||
|---|---|---|---|
| 003 | CEME | ||
| 005 | 20210628202140.0 | ||
| 008 | 210209b xxu||||| |||| 00| 0 eng d | ||
| 020 | _a0-86341-359-5 | ||
| 040 | _c. | ||
| 082 | _a623.8933 BRI | ||
| 100 |
_aBriggs , John .N _958460 |
||
| 245 | _aTarget detection by marine radar | ||
| 260 |
_aLONDON _bIEE _c2004 |
||
| 300 | _aXXIX,670P | ||
| 650 |
_aTRACKING RADAR. RADAR IN NAVIGATION.TARGET DETECTION BY RADAR _958461 |
||
| 942 |
_cBK _2ddc |
||
| 999 |
_c568657 _d568657 |
||